Estudio económico y recomendaciones de buenas prácticas constructivas de opciones de entrepiso para viviendas

Uloženo v:
Podrobná bibliografie
Hlavní autor: Reyes Bonilla, Andrés, 1985-
Další autoři: Anglin Fonseca, Robert Anthony, 1967- Director del TFG
Médium: Kniha
Vydáno: [San José, Costa Rica], 2008
Témata:
Tagy: Přidat tag
Žádné tagy, Buďte první, kdo vytvoří štítek k tomuto záznamu!

MARC

LEADER 00000nam a2200000Ia 4500
003 010336
005 20240126095635.0
008 140114s2008 c a 000 ||s d
040 |c cru CEDI  
090 |a TFG 5650 
100 |a Reyes Bonilla, Andrés, 1985-  |9 2224 
245 |a Estudio económico y recomendaciones de buenas prácticas constructivas de opciones de entrepiso para viviendas  
260 |a  [San José, Costa Rica],  |c 2008 
300 |a xxi, 216 hojas; ilustraciones 
500 |a Proyecto de graduación (licenciatura en ingeniería civil)--Universidad de Costa Rica. Facultad de Ingeniería. Escuela de Ingeniería Civil 
501 |a Director del Proyecto de Graduación: Ing. Robert Anglin Fonseca, M.Sc. 
650 |x PISOS (CONSTRUCCION)  |x  VIVIENDA  |x MANUALES   |x  ASPECTOS ECONOMICOS   |x MANO DE OBRA   |9 4356 
700 |a Anglin Fonseca, Robert Anthony, 1967-  |d Director del TFG  |9 186 
942 |c TFG  |h TFG 5650  |i 010336  |6 TFG_5650_010336000000000 
999 |c 16611  |d 16611